Muʻarrifī-i rūznāmahʹhā, jarāyid, majallāt-i Afghānistān / (Record no. 50693)

MARC details
000 -LEADER
fixed length control field 00665cam a22002174 4500
001 - CONTROL NUMBER
control field ne 68003108
003 - CONTROL NUMBER IDENTIFIER
control field DLC
005 - DATE AND TIME OF LATEST TRANSACTION
control field 20260227111845.0
008 - FIXED-LENGTH DATA ELEMENTS--GENERAL INFORMATION
fixed length control field 950427s1962 ir b 000 0 pero
010 ## - LIBRARY OF CONGRESS CONTROL NUMBER
LC control number ne 68003108
035 ## - SYSTEM CONTROL NUMBER
System control number (OCoLC)32379021
040 ## - CATALOGING SOURCE
Original cataloging agency DLC
Transcribing agency CU
Modifying agency CU
-- DLC
042 ## - AUTHENTICATION CODE
Authentication code pcc
043 ## - GEOGRAPHIC AREA CODE
Geographic area code a-af---
050 00 - LIBRARY OF CONGRESS CALL NUMBER
Classification number Z6958.A33
Item number M36 1962
100 1# - MAIN ENTRY--PERSONAL NAME
Personal name Māyil Haravī, Rez̤a.
245 10 - TITLE STATEMENT
Title Muʻarrifī-i rūznāmahʹhā, jarāyid, majallāt-i Afghānistān /
Statement of responsibility, etc. Māyil Haravī.
260 ## - PUBLICATION, DISTRIBUTION, ETC.
Place of publication, distribution, etc. [Afghanistan] :
Name of publisher, distributor, etc. Di Parwān Dawlatī Maṭbaʻah,
Date of publication, distribution, etc. 1341 [1962]
300 ## - PHYSICAL DESCRIPTION
Extent 6, 144 p. ;
Dimensions 19 cm.
650 #0 - SUBJECT ADDED ENTRY--TOPICAL TERM
Topical term or geographic name entry element Periodicals
Geographic subdivision Afghanistan
Form subdivision Bibliography.

No items available.

Powered by Koha